Normal view
MARC view
- مؤسسة فريدريش ايبرت - عمان - الأردن
Entry Personal Name
001 - CONTROL NUMBER
- control field: 56863
003 - CONTROL NUMBER IDENTIFIER
- control field: JO-AjAnu
005 - DATE AND TIME OF LATEST TRANSACTION
- control field: 20230606083321.0
008 - FIXED-LENGTH DATA ELEMENTS
- fixed length control field: 230606|| aca||aabn | a|a d
040 ## - CATALOGING SOURCE
- Original cataloging agency: JO-AjAnu
- Transcribing agency: JO-AjAnu
100 ## - HEADING--PERSONAL NAME
- Personal name: مؤسسة فريدريش ايبرت - عمان - الأردن
670 ## - SOURCE DATA FOUND
- Source citation: Work cat.: (JO-AjAnu)29016: مؤسسة فريدريش ايبرت - عمان - الأردن, author, وسائل منع ومكافحة الإرهاب في الشرق الأوسط وشمال أفريقيا وفي الغرب: أوراق ومناقشات مؤتمر